| 000 | 00427nam a2200145Ia 4500 | ||
|---|---|---|---|
| 008 | 220216s9999 xx 000 0 und d | ||
| 100 | _aMcGill W J | ||
| 245 | 0 | _aTheory of green strength in natural rubber | |
| 260 | _bRubbercon 87: Proceedings of the International Rubber Conference, U.K, 1987, Group A, p5A. 1-3 | ||
| 650 | _aGreen strength | ||
| 650 | _aNR | ||
| 700 | _aCameron A | ||
| 700 | _aJooste D A | ||
| 942 | _cJS | ||
| 999 |
_c71189 _d71189 |
||